000 01552nam a2200361 c 4500
003 BLK
005 20230817112940.0
008 180409b bul|||||r ||||||| ||bul||
010 _aKNG00108787000
020 _a954-751-049-5
_bиздат.: Албатрос
040 _aBLK
041 _aBUL
_cBUL
080 _aОргани на обществения ред. Полиция. Обществена власт. Доброволни отреди. Държавна сигурност. Милиция. Дейност на полицията по вътрешно разузнаване
_b351.74
_x(497.2)(091)
_z351.74(497.2)(091)
100 1 _aСимеонов, Стефан
_eпърви автор
_9363324
139 _aСимеонов, Стефан
_bС 37
245 1 0 _aПолицията в България 1879 - 1944
_bПолит., правни и управл. аспекти
_cСтефан Симеонов.
257 _aBGR
260 София
_bАлбатрос
_c2003
_fСофия : Скала
300 _a192 с.
_c24 см
380 _a3
500 _aОфс. изд. - Библиогр. с. 159-166 и под линия.
504 _a159-166 и под л
650 4 _aПолиция - България - история
_9244237
653 _aполиция
653 _aБългария
653 _aистория
852 _aЦб 216573
856 4 _qpdf
_u
856 4 _qpdf
_u
942 _cKNG
_n0
_05
944 _aCR
_c05.11.2003
_k30575
_lМартин Енчев
944 _aED
_c21.06.2004
_k
999 _c103709
_d103709